| 000 | 00492nam a22001697a 4500 | ||
|---|---|---|---|
| 005 | 20240816074103.0 | ||
| 008 | 240816b |||||||| |||| 00| 0 eng d | ||
| 020 | _a1405703601 | ||
| 041 | _aEnglish | ||
| 082 | _a349 ALL | ||
| 100 | _lEnglish | ||
| 245 | _aThe All England Law Reports: Annual Review 2004 | ||
| 260 |
_aLondon: _bButterworth and Company Ltd, _c2005 |
||
| 300 |
_bxi, 447 pages; _c25 cm. |
||
| 650 |
_aLegal practice _bLaw |
||
| 942 |
_cBK _6ALISON_BN_VRIES |
||
| 999 |
_c2594 _d2594 |
||